LDR 00745naa#a2200181#i#450# 001 EN\\bibl\19425 005 20260516050158.6 100 ## _a20260515b2026####ek#y0engy0150####ca 102 ## _aRU 200 1# _aGROWTH AND PRODUCTIVITY OF SCOTS PINE AND CRIMEAN PINE IN THE CONDITIONS OF THE CITY OF SEVASTOPOL _eConference article/thesis 210 1# _aVoronezh _cFSBE Institution of Higher Education Voronezh State University of Forestry and Technologies named after G.F. Morozov _d2026 215 ## _a7 с. 608 ## _aConference article/thesis _2local 675 ## _aУсловия существования растений. 630.181 _z 700 #1 _aKopylenkova _gA. A. 700 #1 _aTseplyaev _gAleksey 700 #1 _aZhurihin _gAleksey Ivanovich 856 4# _abibl.vgltu.ru _u